000 00715nam a2200217 i 4500
001 156234
003 ES-MaACL
005 20250725062542.0
008 000707s1871 fr af |||| | fre d
100 1 _aJamin, Jules-Célestin.
_9128266
245 1 0 _aCours de physique de l'Ecole Polytechnique /
_cpar M.J. Jamin.
250 _a3e éd.
260 _aParis :
_bGauthier-Villars,
_c1871.
300 _a1 v. (XVI, 556 p., [1] h. de lám. pleg., VIII, 214 p.) :
_bil. ;
_c23 cm.
500 _aApéndice con port. propia, fechado en 1875.
505 8 _aContiene: V. 1
650 0 7 _aFísica
_2embne
_912877
752 _aFrancia -
_dParís
852 _aES-MaACL
_jB-1708
_z- Enc. hol.
999 _c156234
_d156234